V Česku chybí kvalifikovaní pracovníci

Oživenie českej ekonomiky a jeho pozitívny dopad na pracovný trh. Rast počtu voľných pracovných miest. Nedostatok uchádzačov v IT segmente, priemysle a výrobe. Pokles dlhodobej nezamestnanosti. Porovnanie základných ekonomických dát z roku 2014 a 2015.

Na minha lista:
Detalhes bibliográficos
Autor principal: Kejhová, Hana
Formato: Capítulo de Livro
Idioma:tcheco
Assuntos:
Tags: Adicionar Tag
Sem tags, seja o primeiro a adicionar uma tag!

MARC

LEADER 00000naa a2200000 4500
001 0209999
005 20231211122453.8
041 0 |a cze 
044 |a CZ 
245 1 0 |a V Česku chybí kvalifikovaní pracovníci  |c Hana Kejhová 
520 |a Oživenie českej ekonomiky a jeho pozitívny dopad na pracovný trh. Rast počtu voľných pracovných miest. Nedostatok uchádzačov v IT segmente, priemysle a výrobe. Pokles dlhodobej nezamestnanosti. Porovnanie základných ekonomických dát z roku 2014 a 2015. 
610 2 0 |a trh práce 
610 2 0 |a miesta pracovné 
610 2 0 |a zamestnanosť 
610 2 0 |a nezamestnanosť 
610 2 0 |a kvalifikácia 
610 2 0 |a sily pracovné 
610 2 0 |a Česko 
100 1 |a Kejhová, Hana